| 000 | 00917nam a2200289Ia 4500 | ||
|---|---|---|---|
| 001 | Para_7717 | ||
| 003 | CHAP | ||
| 008 | 220125s9999 xx 000 0 und d | ||
| 010 | _a206736 | ||
| 040 | _cCHAP | ||
| 082 | _aPA-C 595.77 D5 | ||
| 100 |
_aReinhard, H.J. _995778 |
||
| 245 |
_aNotes on the muscoid flies of the genera opelousia and opsexia with the description of three new species / _c by H. J. Reinhard |
||
| 300 | _a9 P. | ||
| 440 |
_aDíptera; 4 _9164251 |
||
| 500 | _aSobretiro de: Proceedings U.S. National Museum 76 (2817): 1-9. Encuadernado con otros impresos similares | ||
| 650 |
_aDípteros _x colecciones de escritos _933718 |
||
| 650 |
_aOpelousia _9173040 |
||
| 650 |
_aOpsodexia _9173041 |
||
| 901 | _aPA-C 595.77 D5 | ||
| 902 | _aA | ||
| 905 | _a000000 0000000000 00 | ||
| 910 | _a | ||
| 942 | _cPARA | ||
| 942 |
_cPARA _d1 |
||
| 999 |
_c206736 _d206736 |
||